El coyote debajo de la mesa = (Record no. 21098)

MARC details
000 -LEADER
fixed length control field 02178cam a2200505 a 4500
001 - CONTROL NUMBER
control field ocn709681100
003 - CONTROL NUMBER IDENTIFIER
control field OCoLC
005 - DATE AND TIME OF LATEST TRANSACTION
control field 20200314134312.0
008 - FIXED-LENGTH DATA ELEMENTS--GENERAL INFORMATION
fixed length control field 110404s2011 txua c b 000 0 eng
010 ## - LIBRARY OF CONGRESS CONTROL NUMBER
LC control number 2011011430
020 ## - INTERNATIONAL STANDARD BOOK NUMBER
International Standard Book Number 9781935955061 (paper)
020 ## - INTERNATIONAL STANDARD BOOK NUMBER
International Standard Book Number 1935955063 (paper)
035 ## - SYSTEM CONTROL NUMBER
System control number (OCoLC)709681100
Canceled/invalid control number (OCoLC)747530909
-- (OCoLC)781773009
-- (OCoLC)786000663
040 ## - CATALOGING SOURCE
Original cataloging agency DLC
Language of cataloging eng
Transcribing agency DLC
Modifying agency IG#
-- IF9
-- YDXCP
-- RB0
-- BRL
-- HCO
041 1# - LANGUAGE CODE
Language code of text/sound track or separate title eng
Language code of original spa
042 ## - AUTHENTICATION CODE
Authentication code lcac
-- pcc
043 ## - GEOGRAPHIC AREA CODE
Geographic area code n-us-nm
049 ## - LOCAL HOLDINGS (OCLC)
Holding library ORXA
050 00 - LIBRARY OF CONGRESS CALL NUMBER
Classification number PZ74.1
Item number .H32 2011
082 00 - DEWEY DECIMAL CLASSIFICATION NUMBER
Classification number 398.209789
Edition number 23
092 ## - LOCALLY ASSIGNED DEWEY CALL NUMBER (OCLC)
Filing suffix SPANISH j
Classification number 398.209789 HAYES 2011
100 1# - MAIN ENTRY--PERSONAL NAME
Personal name Hayes, Joe.
245 13 - TITLE STATEMENT
Title El coyote debajo de la mesa =
Remainder of title The coyote under the table : folktales told in Spanish and English /
Statement of responsibility, etc. by Joe Hayes ; illustrations by Antonio Castro L.
246 31 - VARYING FORM OF TITLE
Title proper/short title The coyote under the table
250 ## - EDITION STATEMENT
Edition statement 1st ed.
260 ## - PUBLICATION, DISTRIBUTION, ETC. (IMPRINT)
Place of publication, distribution, etc. El Paso, TX :
Name of publisher, distributor, etc. Cinco Puntos Press,
Date of publication, distribution, etc. 2011.
300 ## - PHYSICAL DESCRIPTION
Extent 133 pages :
Other physical details illustrations ;
Dimensions 23 cm.
336 ## - CONTENT TYPE
Content type term text
Content type code txt
Source rdacontent.
337 ## - MEDIA TYPE
Media type term unmediated
Media type code n
Source rdamedia.
338 ## - CARRIER TYPE
Carrier type term volume
Carrier type code nc
Source rdacarrier.
504 ## - BIBLIOGRAPHY, ETC. NOTE
Bibliography, etc Includes bibliographical references (as 'Notes to readers and storytellers') (pages 131-133).
505 0# - FORMATTED CONTENTS NOTE
Formatted contents note If I were an eagle -- What am I thinking? -- The golden slippers -- Caught on a nail -- How to grow boiled beans -- The coyote under the table -- The tale of the spotted cat -- The little snake -- The magic ring -- The man who couldn't stop dancing.
520 ## - SUMMARY, ETC.
Summary, etc. A collection of ten classic tales from Northern New Mexico retold in Spanish and English.
546 ## - LANGUAGE NOTE
Language note Parellel texts in English and Spanish = Textos paralelos en ingles y espanol.
650 #0 - SUBJECT ADDED ENTRY--TOPICAL TERM
Topical term or geographic name as entry element Tales
Geographic subdivision New Mexico.
650 #7 - SUBJECT ADDED ENTRY--TOPICAL TERM
Topical term or geographic name as entry element Cuentos populares
Geographic subdivision Nuevo Mexico
Form subdivision Literatura juvenil.
Source of heading or term bidex.
650 #7 - SUBJECT ADDED ENTRY--TOPICAL TERM
Topical term or geographic name as entry element Folklore
Geographic subdivision Nuevo Mexico
Form subdivision Literatura juvenil.
Source of heading or term bidex.
650 #7 - SUBJECT ADDED ENTRY--TOPICAL TERM
Topical term or geographic name as entry element Libros bilingues.
Source of heading or term bidex.
655 #7 - INDEX TERM--GENRE/FORM
Genre/form data or focus term Folklore.
Source of term gsafd.
655 #7 - INDEX TERM--GENRE/FORM
Genre/form data or focus term Spanish language materials
General subdivision Bilingual.
Source of term lcshac.
690 ## - LOCAL SUBJECT ADDED ENTRY--TOPICAL TERM (OCLC, RLIN)
Topical term or geographic name as entry element Spanish language edition
Form subdivision Juvenile nonfiction.
700 1# - ADDED ENTRY--PERSONAL NAME
Personal name Castro, Antonio,
Dates associated with a name 1941-
942 ## - ADDED ENTRY ELEMENTS (KOHA)
Koha item type Libro/Book
Source of classification or shelving scheme Dewey Decimal Classification
Holdings
Withdrawn status Lost status Damaged status Not for loan Home library Current library Shelving location Date acquired Inventory number Total Checkouts Total Renewals Full call number Barcode Date last seen Date checked out Price effective from Koha item type
        San Juan Del Sur -- Biblioteca San Juan Del Sur -- Biblioteca English 04/07/2017 Inventory date: 15-5-25 3 1 JF 30007987 17/03/2023 03/03/2023 04/07/2017 Libro/Book

Powered by Koha